[Event "Tarija op"]
[Site "Tarija"]
[Date "2023.04.06"]
[Round "2"]
[White "Mendoza, Samantha"]
[Black "Cordero, Jhasith"]
[Result "1/2-1/2"]
[WhiteElo "1687"]
[BlackElo "1520"]
[PlyCount "95"]
[EventDate "2023.04.06"]
[EventType "swiss"]
[EventRounds "7"]
[EventCountry "BOL"]
[SourceTitle "EXT 2024"]
[Source "ChessBase"]
[SourceDate "2023.10.10"]
[SourceVersion "1"]
[SourceVersionDate "2023.10.10"]
[SourceQuality "1"]

1. e4 c6 2. d4 d5 3. e5 c5 4. c3 Nc6 5. Nf3 Bg4 6. Be2 e6 7. h3 Bxf3 8. Bxf3 Qb6 9. dxc5 Bxc5 10. Qe2 Qc7 11. Bf4 Nge7 12. Bh5 0-0 13. 0-0 Ng6 14. Bxg6 fxg6 15. Bg3 Rf5 16. b4 Bb6 17. a4 a5 18. b5 Ne7 19. Kh1 Raf8 20. Ra2 g5 21. Rc2 Bc5 22. Qg4 g6 23. f4 h5 24. Qe2 gxf4 25. Bh2 Qxe5 26. Re1 Qxe2 27. Rcxe2 Be3 28. Na3 d4 29. cxd4 Rc8 30. Rc2 Rff8 31. Bg1 Nf5 32. Rc4 Rxc4 33. Nxc4 Bxg1 34. Kxg1 Nxd4 35. Nxa5 f3 36. Rf1 Ne2+ 37. Kh2 fxg2 38. Rxf8+ Kxf8 39. Kxg2 Nc3 40. Nxb7 Nxa4 41. Kf3 g5 42. Nd6 Kg7 43. Nc4 Nc5 44. Nd6 Nd7 45. Nc4 Nc5 46. Nd6 Na4 47. Ne4 Kg6 48. Nd6 1/2-1/2